[Event "Pila"]
[Site "Pila"]
[Date "1992.??.??"]
[Round "2"]
[White "Savon, Vladimir A"]
[Black "Nesterov, Jakov"]
[Result "1/2-1/2"]
[WhiteElo "2440"]
[BlackElo "2405"]

1.e4 d6 2.d4 Nf6 3.Nc3 e5 4.dxe5 dxe5 5.Qxd8+ Kxd8 6.Nf3 Bd6 7.Bg5 Be6 8.O-O-O Nd7
9.Bb5 Kc8 10.Rhe1 Ng4 11.h3 f6 12.hxg4 fxg5 13.Nxg5 Bxg4 14.Be2 Bxe2 15.Rxe2 Be7
16.Ne6 c6 17.Nxg7 Nc5 18.g3 a5 19.Nf5 Bg5+ 20.Kb1 Kc7 21.f3 Rad8 22.Rh1 b5
23.Nd1 Rd7 24.Nde3 h5 25.c3 Rdh7 26.Kc2 Ne6 27.Reh2 Bxe3 28.Nxe3 Ng5 29.Rf2 h4
30.gxh4 Rxh4 31.Rxh4 Rxh4 32.Nf1 a4 33.Nd2 Rh1 34.a3 Nh3 35.Rf1 Rh2 36.c4 Nf4
37.cxb5 cxb5 38.Kc3 Ne2+ 39.Kd3 Kd6 40.Rd1 Nd4 41.Kc3 Kc5 42.b3 Rf2 43.bxa4 bxa4
44.Kd3 Nxf3 45.Rc1+ Kb5 46.Nc4 Ra2 47.Rf1 Ng5 48.Rf5 Rg2 49.Rxe5+ Kc6 50.Kc3 Rg4
51.Kd4 Rg3 52.Rc5+ Kd7 53.Ra5 Ne6+ 54.Kd5 Rd3+ 55.Ke5 Rd4 56.Ra7+ Kc6 57.Kxe6 Rxc4
58.e5 Kb5 59.Rb7+ Kc6 60.Rb1 Rc3 61.Ra1 Re3  1/2-1/2

[Event "Podolsk"]
[Site "Podolsk"]
[Date "1992.??.??"]
[Round "?"]
[White "Kiselev, Sergey"]
[Black "Makarov, Marat"]
[Result "1/2-1/2"]
[WhiteElo "2530"]
[BlackElo "2510"]

1.d4 d6 2.e4 Nf6 3.Nc3 c6 4.f4 Qa5 5.e5 Ne4 6.Qf3 Nxc3 7.Bd2 Bf5 8.Bd3 Bxd3
9.cxd3 Qd5 10.bxc3 e6 11.Rb1 Qxf3 12.Nxf3 b6 13.c4 Nd7 14.Ke2 Be7 15.a4 d5
16.Rhc1 Kd8 17.Ne1 a5 18.g3 g6 19.Rc2 h5 20.Ng2 Bb4 21.Bxb4 axb4 22.Rxb4 Ke7
23.cxd5 cxd5 24.Ne3 Rhc8 25.Rxc8 Rxc8 26.Kd2 Ra8 27.Nd1 Ra6 28.Nc3 Nb8 29.Ke3 Nc6
30.Rb1 f5 31.Ra1 Kd7 32.Ra2 Ra8 33.Rb2 Kc7 34.h3 Rf8 35.Rb1 Ra8 36.Rh1 Ne7
37.Nb5+ Kd7 38.Ra1 Nc6 39.Kd2 Na5 40.Ra2 Nc6 41.Kc3 Rc8 42.Kd2 Ra8 43.Ra1 Na5
44.Rb1 Nc6 45.Nc3 Kc7 46.Ke3 Kb7 47.Rb2 Kc7 48.Rb1  1/2-1/2

[Event "RUS-chT"]
[Site "Podolsk"]
[Date "1992.??.??"]
[Round "?"]
[White "Petrushin, Alexander I"]
[Black "Savon, Vladimir A"]
[Result "1/2-1/2"]
[WhiteElo "2380"]
[BlackElo "2440"]

1.e4 d6 2.d4 Nf6 3.Nc3 e5 4.Nf3 Nbd7 5.Bc4 Be7 6.O-O O-O 7.a4 a5 8.Qe2 c6
9.Rd1 Qc7 10.h3 exd4 11.Nxd4 Re8 12.Bf4 Ne5 13.Bb3 Nfd7 14.Be3 Nc5 15.f4 Nxb3
16.cxb3 Nd7 17.Nf3 b6 18.Qc2 Nc5 19.Rd2 Bf8 20.Rad1 g6 21.Bf2 Be6 22.Bxc5 bxc5
23.Ng5  1/2-1/2

[Event "Policka"]
[Site "Policka"]
[Date "1992.??.??"]
[Round "?"]
[White "Hansen, Sune Berg"]
[Black "Hlavnicka, Jiri"]
[Result "1-0"]
[WhiteElo "2370"]
[BlackElo "2275"]

1.e4 d6 2.d4 Nf6 3.Nc3 c6 4.Nf3 Bg4 5.Be2 e6 6.O-O d5 7.Ne5 Bxe2 8.Qxe2 Be7
9.exd5 cxd5 10.Qb5+ Nfd7 11.Qxb7 Nxe5 12.Qxa8 Nec6 13.Qb7 O-O 14.Bf4 Bd6
15.Bxd6 Qxd6 16.Nb5 Qb4 17.c3 Qa4 18.Na3 a6 19.Qb3 Qa5 20.Nc2 Nd7 21.Ne3 Qc7
22.Qd1 f5 23.f4 Nf6 24.Qe2 Qb6 25.Rae1 Ne4 26.Nd1 Rb8 27.Nf2 Qxb2 28.Nxe4 Qxe2
29.Nf6+ Kf7 30.Rxe2 Kxf6 31.Rfe1 Nd8 32.Kf2 Rb6 33.Kf3 h5 34.g3 Nb7 35.h3 Na5
36.g4 hxg4+ 37.hxg4 fxg4+ 38.Kxg4 Nc4 39.Kf3 a5 40.Rg1 Nd6 41.Reg2 Nf5 42.Ke2 Nh4
43.Rxg7 Rb2+ 44.Kd1 Rxa2 45.Kc1 Ra1+ 46.Kc2 Rxg1 47.Rxg1 Ng6 48.Ra1 Nxf4
49.Rxa5 e5 50.dxe5+ Kxe5 51.Kd2 Ke4 52.Ra8 Ne6 53.Re8 Ke5 54.Kc2 Kd6 55.Kb3 Nf4
56.Kb4 Kc6 57.Rc8+ Kb6 58.Rb8+ Kc6 59.Ka5 Nd3 60.Rc8+ Kd7 61.Rh8 Kc6 62.Rh3 Nf2
63.Rf3 Ne4 64.Kb4 Kd6 65.Kb5 Ke5 66.Rh3 Kd6 67.Re3 Ke5 68.Rd3 Nf2 69.Rd4 Ne4
70.Kb4 Nd6 71.Rh4 Ne4 72.Rh3 Ke6 73.Kb5 Kd6 74.Rd3 Ke5 75.Kc6 Ke6 76.Rf3 Ke5
77.Rh3 Ke6 78.Rd3  1-0

[Event "Porz op28"]
[Site "Porz"]
[Date "1992.??.??"]
[Round "5"]
[White "Scholz, Christian"]
[Black "Schebler, Gerhard"]
[Result "0-1"]
[WhiteElo "2325"]
[BlackElo "2295"]

1.d4 d6 2.e4 Nf6 3.Nc3 c6 4.g3 e5 5.Nge2 Be7 6.Bg2 b5 7.O-O O-O 8.h3 b4 9.Nb1 Ba6
10.c3 Nbd7 11.Re1 Rb8 12.a3 bxc3 13.Nbxc3 Bc4 14.Qa4 Bb3 15.Qxa7 c5 16.dxe5 Nxe5
17.Nf4 Re8 18.Nfd5 Nxd5 19.Nxd5 Bf8 20.Re3 Nc6 21.Qc7 Nd4 22.Qxd8 Rexd8 23.Rd3 Nc2
24.Rb1 Ba2 25.Nc3 Bxb1 26.Nxb1 Nd4 27.Nc3 Rb3 28.Rd1 g6 29.Bf1 Bg7 30.Bc4 Rbb8
31.Kg2 Nc6 32.Nb5 Na5 33.Be2 h6 34.b4 Nc6 35.Rxd6 Rxd6 36.Nxd6 cxb4 37.axb4 Rxb4
38.Bf4 Nd4 39.Bc4 Ne6 40.Bd2 Ra4 41.Bd5 h5 42.f4 Bh6 43.Nxf7 Kxf7 44.Bxe6+ Kxe6
45.f5+ gxf5 46.exf5+ Kxf5 47.Bxh6 Ke4 48.g4 h4 49.Bg5 Ra2+ 50.Kg1 Kf3 51.Bxh4 Rc2
52.Kh1 Rg2 53.Bf6 Kg3 54.Bd4 Kxh3 55.Bg1 Rxg4 56.Bb6 Rg2 57.Bd4 Rh2+ 58.Kg1 Rd2
59.Be3 Re2 60.Bd4 Rc2 61.Be3 Kg3 62.Bg5 Re2 63.Kf1 Kf3 64.Bf6 Re6 65.Bg5 Rg6
66.Be7 Rg7 67.Bf6 Rf7 68.Bc3 Rc7 69.Bd2 Rb7  0-1

[Event "CSR-ch"]
[Site "Prague"]
[Date "1992.??.??"]
[Round "2"]
[White "Piza, Vlastimil"]
[Black "Spacek, Petr"]
[Result "0-1"]
[WhiteElo "2305"]
[BlackElo "2395"]

1.d4 d6 2.e4 Nf6 3.Nc3 c6 4.f4 Qa5 5.e5 Ne4 6.Qf3 Nxc3 7.Bd2 Bf5 8.Bxc3 Qd5
9.Qxd5 cxd5 10.O-O-O e6 11.Bd3 g6 12.Nf3 Nc6 13.Rhf1 Rc8 14.Kb1 Be7 15.Be1 h5
16.Bxf5 gxf5 17.c4 dxc4 18.d5 exd5 19.exd6 Bxd6 20.Rxd5 Rh6 21.Rxf5 Ne7 22.Rb5 Rc7
23.Bd2 Bc5 24.f5 Rf6 25.Nh4 b6 26.Re1 Kf8 27.Bg5 Rfc6 28.f6 Ng8 29.Bf4 Rd7
30.b4 Bf2 31.Rf1 Bxh4 32.Rxh5 Bxf6 33.Rf5 c3 34.g4 Bg7 35.h4 Ne7 36.Rh5 Rc4
37.a3 Rd1+  0-1

[Event "CSR-ch"]
[Site "Prague"]
[Date "1992.??.??"]
[Round "3"]
[White "Dolezal, Martin"]
[Black "Pribyl, Martin"]
[Result "1/2-1/2"]
[WhiteElo "2275"]
[BlackElo "2275"]

1.e4 d6 2.d4 Nf6 3.Nc3 c6 4.f4 Qa5 5.Bd2 e5 6.dxe5 dxe5 7.fxe5 Ng4 8.Be2 Nxe5
9.Nf3 Nxf3+ 10.gxf3 Qd8 11.Be3 Qxd1+ 12.Rxd1 Nd7 13.Rg1 g6 14.Kf2 Bc5 15.f4 Bxe3+
16.Kxe3 Ke7 17.Rd2 Nb6 18.Rgd1 Be6 19.b3 f5 20.e5 h6 21.h4 g5 22.hxg5 hxg5
23.fxg5 Rh3+ 24.Bf3 Nd5+ 25.Nxd5+ Bxd5 26.Rf2 Rg8 27.Rg1 Ke6 28.c4 Be4 29.Kf4 Bxf3
30.Rxf3 Rh4+ 31.Ke3 Kxe5 32.Ke2 f4 33.Rg2 Rg6 34.Rf1 Ke4 35.Kf2 Kf5 36.Re1 Rxg5
37.Rxg5+ Kxg5 38.Re7 Rh2+ 39.Kf3 Rh3+ 40.Kg2 Rg3+ 41.Kf2 b5 42.cxb5 cxb5
43.Rxa7 Rc3 44.Rg7+ Kf5 45.Rb7 Ke4 46.Re7+ Kd5 47.Rf7 Rc2+ 48.Kf3 Rxa2 49.Rf5+ Kc6
50.Rxf4 Ra3 51.Ke2 Rxb3 52.Kd2 Kc5 53.Kc2 Rg3 54.Kb2 b4 55.Rf5+ Kc4 56.Rf4+ Kb5
57.Rf8 Rg5 58.Rb8+ Kc4 59.Rc8+ Kb5 60.Rb8+ Kc4 61.Rc8+ Rc5 62.Rxc5+ Kxc5
63.Kb3 Kb5 64.Kb2 Ka4 65.Ka2 Ka5 66.Kb2 Kb6 67.Ka2 Kc5 68.Kb2 Kc4 69.Kc2 b3+
70.Kb2 Kb4 71.Kb1 Ka4 72.Kb2 Kb4 73.Kb1 Ka3 74.Ka1 b2+ 75.Kb1 Kb3  1/2-1/2

[Event "Bohemians (Women)"]
[Site "Prague"]
[Date "1992.??.??"]
[Round "4"]
[White "Maskova, Jana"]
[Black "Modrova, Hana"]
[Result "1-0"]
[WhiteElo "2235"]
[BlackElo "2050"]

1.e4 d6 2.d4 Nf6 3.Nc3 c6 4.Bg5 Qa5 5.Qd2 b5 6.Bd3 b4 7.Nce2 Ba6 8.f4 e5
9.Nf3 Bxd3 10.Qxd3 Nbd7 11.O-O Be7 12.Kh1 h6 13.Bxf6 Bxf6 14.a3 Ke7 15.dxe5 dxe5
16.Rad1 Qc7 17.axb4 Rhd8 18.f5 Rab8 19.Qc4 Kf8 20.Rd3 Nb6 21.Qc5+ Kg8 22.b5 Rxd3
23.cxd3 Nc8 24.Rc1 Rb6 25.d4 Nd6 26.dxe5 Nxe4 27.Qd4 Bg5 28.Rd1 Rxb5 29.Qxe4 Rxb2
30.Nxg5 hxg5 31.e6 fxe6 32.Qxe6+ Kh8 33.f6 Rb8 34.f7  1-0

[Event "CSR-ch"]
[Site "Prague"]
[Date "1992.??.??"]
[Round "6"]
[White "Gross, Stefan"]
[Black "Hausner, Ivan"]
[Result "0-1"]
[WhiteElo "2385"]
[BlackElo "2410"]

1.e4 d6 2.d4 Nf6 3.Nc3 c6 4.f4 Qa5 5.Bd3 e5 6.Nf3 Bg4 7.Bd2 Nbd7 8.h3 Bxf3
9.Qxf3 Qb6 10.dxe5 dxe5 11.O-O-O Bd6 12.f5 Nc5 13.g4 h6 14.Bc4 Qc7 15.h4 Nfd7
16.Be3 Nb6 17.Be2 Nba4 18.Nxa4 Nxa4 19.g5 O-O-O 20.f6 g6 21.Bxa7 Qa5 22.Bf2 hxg5
23.Qb3 Bc5 24.Bxc5 Nxc5 25.Qxf7 Nxe4 26.Qxg6 Qxa2 27.Qf5+ Kc7 28.Qxe5+ Kb6
29.b3 Qa3+ 30.Qb2 Qc5 31.Bc4 Qe3+ 32.Kb1 Nc3+  0-1

[Event "Bohemians (Women)"]
[Site "Prague"]
[Date "1992.??.??"]
[Round "6"]
[White "Sikora Gizynska, Bozena"]
[Black "Modrova, Hana"]
[Result "1-0"]
[WhiteElo "2225"]
[BlackElo "2050"]

1.e4 d6 2.d4 Nf6 3.Nc3 c6 4.Bg5 Nbd7 5.Nf3 Qc7 6.a4 e5 7.Be2 Be7 8.O-O O-O
9.Re1 Re8 10.h3 Nf8 11.a5 Ne6 12.Bc1 Bf8 13.d5 Nd8 14.Bd3 Bd7 15.a6 b6 16.Nh2 Rc8
17.Kh1 h6 18.Qf3 Nh7 19.Qg3 g6 20.f4 Bg7 21.Rf1 Kh8 22.Nf3 Rg8 23.fxe5 dxe5
24.Qh4 f6 25.Nh2 Nf7 26.Ng4 Bxg4 27.Qxg4 Bf8 28.dxc6 Qxc6 29.Bb5 Qc5 30.Be3 h5
31.Qe2 Qc7 32.Rac1 Bc5 33.Bd2 Nd6 34.Nd5 Qd8 35.Bd3 Qf8 36.b4 Bd4 37.c3  1-0

[Event "CSR-ch"]
[Site "Prague"]
[Date "1992.??.??"]
[Round "7"]
[White "Repkova Eid, Eva"]
[Black "Pribyl, Martin"]
[Result "1-0"]
[WhiteElo "2185"]
[BlackElo "2275"]

1.e4 d6 2.d4 Nf6 3.Nc3 c6 4.f4 Qa5 5.Bd3 e5 6.Nf3 Bg4 7.Bd2 exd4 8.Nd5 Qd8
9.Nxf6+ Qxf6 10.O-O Nd7 11.Qe1 Bxf3 12.Rxf3 Be7 13.c3 O-O 14.Qf2 c5 15.Re1 Qe6
16.Rh3 g6 17.e5 dxe5 18.fxe5 c4 19.Qf4 Rfd8 20.Be2 Qxe5 21.Qh6 Qg7 22.Qxg7+ Kxg7
23.cxd4 Bf6 24.Bc3 Nb6 25.Rd1 h5 26.Rg3 h4 27.Rf3 Rd7 28.Rdf1 Bg5 29.b3 cxb3
30.axb3 Nd5 31.Bb2 f5 32.g3 hxg3 33.Rxg3 Bf4 34.Rgf3 Be3+ 35.Kh1 Rc8 36.Bc4 Bg5
37.Rg1 Be3 38.Bxd5 Bxg1 39.Be6 Rc2 40.Bxd7 Bxh2 41.Bc3 Bd6 42.d5+ Kf7 43.Be6+ Ke7
44.Rh3 Rc1+ 45.Kg2 Rc2+ 46.Kf1 Rh2 47.Rf3 b5 48.Bd4 a5 49.Re3 Bf4 50.Bc5+ Kf6
51.Bd4+ Kg5 52.Rd3 Bd6 53.Bd7 Rh1+ 54.Kg2 Rh2+ 55.Kg1 Rh4 56.Be3+ f4 57.Bb6 Rh7
58.Bd8+ Be7 59.Bxe7+ Rxe7 60.Bxb5 Rb7 61.Bc6 Rb8 62.d6 Kf6 63.d7 Ke7 64.Rd5  1-0

[Event "Bohemians (Women)"]
[Site "Prague"]
[Date "1992.??.??"]
[Round "10"]
[White "Slabek, Agnieszka"]
[Black "Modrova, Hana"]
[Result "1-0"]
[WhiteElo "2155"]
[BlackElo "2050"]

1.e4 d6 2.d4 Nf6 3.Nc3 c6 4.f4 Qa5 5.Bd3 e5 6.Nf3 Bg4 7.Be3 Nbd7 8.O-O Be7
9.h3 Bxf3 10.Qxf3 O-O-O 11.Rab1 h5 12.b4 Qc7 13.a4 h4 14.Ne2 Nh5 15.c4 exf4
16.Nxf4 Ng3 17.Rfc1 Nf6 18.b5 Kd7 19.bxc6+ bxc6 20.Nd5 Qc8 21.Rb2 Ke8 22.Nxe7 Kxe7
23.Bg5 Rh5 24.Qf4 Qe6 25.Rf2 Ke8 26.Bxf6 Qxf6 27.Qxf6 gxf6 28.Rb1 Rh6 29.Rfb2 Rh5
30.Rf2 Rh6 31.Rf4 Ke7 32.a5 Rh5 33.a6 Ra5 34.Rxh4 Rxa6 35.Kh2 Ra3 36.Rd1 Rg8
37.Rg4 Rxg4 38.hxg4 f5 39.exf5 a5 40.Kxg3 Rc3 41.Kf4 a4 42.Ke3 Kf6 43.Kf4  1-0

[Event "Prague Chip"]
[Site "Prague"]
[Date "1992.??.??"]
[Round "13"]
[White "Smagin, Sergey"]
[Black "Pekarek, Ales"]
[Result "1-0"]
[WhiteElo "2550"]
[BlackElo "2455"]

1.e4 d6 2.d4 Nf6 3.Nc3 c6 4.f4 Qa5 5.Bd3 e5 6.Nf3 Bg4 7.Be3 Nbd7 8.O-O Be7
9.Kh1 exd4 10.Bxd4 Nc5 11.Qe1 Nxd3 12.cxd3 Bxf3 13.Rxf3 Qb4 14.Qg1 O-O 15.Ne2 Rfe8
16.Ng3 g6 17.Raf1 Nd7 18.a3 Qb3 19.Qf2 f6 20.h4 c5 21.Bc3 d5 22.exd5 Qxd5
23.f5 Ne5 24.Bxe5 Qxe5 25.Ne4 Rf8 26.Re1 Bd6 27.Nxd6 Qxd6 28.Re6 Qd5 29.Qe3 Kg7
30.h5 g5 31.h6+ Kg8 32.Re7 Rf7 33.Re6 Rd8 34.Qc1 Qd4 35.Rfe3 Qh4+ 36.Kg1 Qd4
37.Qc4 Qxc4 38.dxc4 Rdd7 39.Re8+ Rf8 40.R8e7 Rf7 41.Re8+ Rf8 42.R3e6 Rd2
43.b4 cxb4 44.axb4 Rd4 45.R6e7 Rxe8 46.Rxe8+ Kf7 47.Rh8 Rxc4 48.Rxh7+ Kg8
49.Rg7+ Kh8 50.Rxb7 Rf4 51.Rxa7 Rxb4 52.Rf7 Rf4 53.Rxf6 Kh7 54.Kh2 Rh4+ 55.Kg3 Rf4
56.Ra6 Rxf5 57.Kg4 Rb5 58.Kh5 g4+ 59.Kxg4 Rb4+ 60.Kh5 Rb5+ 61.Kh4 Rc5 62.g4 Rb5
63.g5 Rb4+ 64.Kh5 Rb5 65.Ra7+ Kg8 66.Rg7+ Kh8 67.Re7  1-0

[Event "Bohemians (Women)"]
[Site "Prague"]
[Date "1992.??.??"]
[Round "13"]
[White "Sikora Gizynska, Bozena"]
[Black "Mozna Hojdarova, Eva"]
[Result "1-0"]
[WhiteElo "2225"]
[BlackElo "2115"]

1.e4 d6 2.d4 Nf6 3.Nc3 c6 4.h3 e5 5.Nf3 Qc7 6.a4 b6 7.Be2 Ba6 8.O-O Bxe2
9.Qxe2 Be7 10.dxe5 dxe5 11.Nh4 O-O 12.Nf5 g6 13.Nxe7+ Qxe7 14.b3 Qe6 15.Rd1 Rc8
16.a5 Nbd7 17.Ba3 Ne8 18.Rd3 bxa5 19.Qd2 Nb6 20.Bc5 a4 21.Nxa4 Nxa4 22.Rxa4 a6
23.Rd7 Rc7 24.Qh6  1-0

[Event "Protvino"]
[Site "Protvino"]
[Date "1992.??.??"]
[Round "?"]
[White "Chernosvitov, Alexander"]
[Black "Danielian, Oganes"]
[Result "1-0"]
[WhiteElo "2405"]
[BlackElo "2310"]

1.d4 d6 2.e4 Nf6 3.Nc3 Nbd7 4.Nf3 e5 5.Bc4 Be7 6.O-O h6 7.a4 c6 8.Re1 Qc7
9.b3 Nf8 10.Bb2 Ng6 11.h3 a5 12.Qd2 O-O 13.Rad1 Rd8 14.Qe3 Bd7 15.Bf1 Re8
16.Qc1 Nh7 17.dxe5 dxe5 18.Na2 Ng5 19.Nxg5 hxg5 20.Ba3 Be6 21.Bxe7 Qxe7 22.Qe3 Nf4
23.Nc1 g4 24.hxg4 Bxg4 25.Rd2 g6 26.Nd3 Qf6 27.Nc5 Kg7 28.g3 b6 29.Nd7 Bxd7
30.Rxd7 Ne6 31.Bc4 Rh8 32.Rd6 Qe7 33.Red1 Nd4 34.R1xd4 exd4 35.Qxd4+ Kh6
36.Rd7 Rad8 37.Qxh8+ Rxh8 38.Rxe7  1-0

[Event "Protvino"]
[Site "Protvino"]
[Date "1992.??.??"]
[Round "?"]
[White "Zakharov, Alexander V"]
[Black "Danielian, Oganes"]
[Result "1-0"]
[WhiteElo "2365"]
[BlackElo "2310"]

1.d4 d6 2.e4 Nf6 3.Nc3 e5 4.dxe5 dxe5 5.Qxd8+ Kxd8 6.Bc4 Be6 7.Bxe6 fxe6
8.Nf3 Bd6 9.Be3 Ke7 10.a3 Nc6 11.h3 a6 12.O-O-O b5 13.Nd2 Nd4 14.f4 Nh5 15.fxe5 Bxe5
16.Nc4 Nc6 17.Bc5+ Ke8 18.Nxe5 Nxe5 19.Nd5 exd5 20.Rxd5 Nd7 21.Rxh5 g6 22.Rg5 Kf7
23.Rd1 Ke6 24.Bg1 c6 25.Bh2 Rac8 26.Bd6 Rhd8 27.h4 Rg8 28.Bb4 c5 29.Bc3 Rc6
30.Rgd5 Nf6 31.Re5+ Kf7 32.Rf1 h5 33.Rg5 Ke7 34.Bxf6+ Rxf6 35.Rxf6 Kxf6 36.Rxc5 Re8
37.Rc6+ Kf7 38.Rc7+ Kf6 39.Rc6+ Kf7 40.Rxa6 Rxe4 41.g3 Rg4 42.Rb6 Rxg3 43.Rxb5 Rh3
44.Rb4 Rh1+ 45.Kd2 Rh2+ 46.Kd3 Rh3+ 47.Ke2 Rh2+ 48.Kf3 Rxc2 49.a4 Ke7 50.a5  1-0

[Event "Reggio Emilia9293"]
[Site "Reggio Emilia"]
[Date "1992.??.??"]
[Round "11"]
[White "Braga, Fernando"]
[Black "Belotti, Bruno"]
[Result "1-0"]
[WhiteElo "2385"]
[BlackElo "2405"]

1.e4 d6 2.d4 Nf6 3.Nc3 c6 4.f4 Qa5 5.Bd3 e5 6.Nf3 Bg4 7.Be3 Nbd7 8.O-O Be7
9.Qd2 Bxf3 10.gxf3 exd4 11.Bxd4 d5 12.Kh1 Bc5 13.Bxc5 Qxc5 14.e5 Ng8 15.b4 Qxb4
16.Rab1 Qa5 17.Rxb7 Nc5 18.Rbb1 Ne7 19.Rf2 Nxd3 20.Qxd3 O-O 21.Rg1 g6 22.h4 f5
23.h5 Qb4 24.Ne2 Qb5 25.Qa3 c5 26.Rh2 a5 27.hxg6 hxg6 28.Qe3 Rf7 29.Qf2 Ra6
30.Qh4 Rg7 31.Ng3 Kf7 32.Qh6 Rg8 33.Rhg2 Qe8 34.Nh5 Qf8 35.Qh7+ Ke8 36.Rb1 Nc8
37.Rb7  1-0

[Event "ROM-chT"]
[Site "?"]
[Date "1992.??.??"]
[Round "?"]
[White "Bach, Adrian"]
[Black "Nevednichy, Vladislav"]
[Result "0-1"]
[WhiteElo "2315"]
[BlackElo "2470"]

1.e4 d6 2.d4 Nf6 3.Nc3 c6 4.f4 g6 5.Nf3 Bg7 6.Bd3 O-O 7.O-O Bg4 8.h3 Bxf3
9.Qxf3 Qb6 10.Ne2 c5 11.c3 cxd4 12.cxd4 e5 13.Be3 exf4 14.Qxf4 Na6 15.Rac1 Rae8
16.Bf2 Qxb2 17.Rb1 Qxa2 18.Qxd6 Re6 19.Qf4 Nxe4 20.Bxe4 Qxe2 21.Bf3 Qc4 22.Rxb7 Nb4
23.Rc1 Qb3 24.Qc7 Bh6 25.Qc4 Qxc4 26.Rxc4 a5 27.d5 Rf6 28.Bc5 Rc8 29.Bxb4 Be3+
30.Kf1 Rxf3+ 31.gxf3 Rxc4 32.Rb8+ Kg7 33.Bxa5 Bf4 34.Rd8 Kf6 35.Be1 Rc2 36.Re8 g5
37.Bf2 Rd2 38.Rh8  0-1

[Event "ROM-chT"]
[Site "?"]
[Date "1992.??.??"]
[Round "?"]
[White "Stoica, Valentin"]
[Black "Mozes, Ervin"]
[Result "1/2-1/2"]
[WhiteElo "2435"]
[BlackElo "2390"]

1.e4 c6 2.d4 d6 3.Nc3 Nf6 4.h3 Qa5 5.Bd3 e5 6.Nf3 Be7 7.O-O O-O 8.a4 Nbd7
9.Be3 Rd8 10.Nd2 Qc7 11.f4 exd4 12.Bxd4 d5 13.exd5 Bc5 14.Bxc5 Nxc5 15.dxc6 Nxd3
16.cxd3 bxc6 17.Nc4 Bf5 18.Ne5 Nd7 19.Qf3 Nxe5 20.fxe5 Bxd3 21.Rf2 Bg6 22.Re1 Re8
23.Rfe2 Rad8 24.e6 Qb6+  1/2-1/2

[Event "ROM-chT"]
[Site "?"]
[Date "1992.??.??"]
[Round "?"]
[White "Jicman, Ligia"]
[Black "Stanciu, Gabriela"]
[Result "1-0"]
[WhiteElo "2220"]
[BlackElo "2250"]

1.e4 d6 2.d4 Nf6 3.Nc3 e5 4.f3 Nbd7 5.Nge2 c6 6.Be3 Qb6 7.a4 a5 8.Qd2 Qc7
9.Rd1 Be7 10.Ng3 exd4 11.Bxd4 Nc5 12.Be2 O-O 13.O-O Be6 14.Qe3 Rad8 15.Kh1 Rfe8
16.h3 Nfd7 17.f4 f6 18.Nh5 Bf8 19.Qg3 Kh8 20.Rde1 Bf7 21.Bg4 Ne6 22.Be3 Nec5
23.Bd4 Ne6 24.Bxe6 Rxe6 25.Qg4 Rde8 26.Ng3 Nc5 27.Re2 Qb6 28.Rfe1 Qb4 29.Rd1 Qc4
30.b3 Qa6 31.Qf3 Qb6 32.Rde1 Qb4 33.Qf2 R6e7 34.Na2 Qa3 35.Nc1 Ne6 36.Bc3 Qc5
37.Qxc5 Nxc5 38.Bxa5 d5 39.Bb4 Nxe4  1-0

[Event "ROM-chT"]
[Site "?"]
[Date "1992.??.??"]
[Round "?"]
[White "Petrescu, Irina C"]
[Black "Stanciu, Gabriela"]
[Result "0-1"]
[WhiteElo "2120"]
[BlackElo "2250"]

1.e4 d6 2.d4 Nf6 3.Nc3 e5 4.dxe5 dxe5 5.Qxd8+ Kxd8 6.Bg5 Be6 7.O-O-O+ Nd7
8.Nf3 Bd6 9.Nb5 Ke7 10.Nxd6 cxd6 11.Bb5 Nc5 12.Nd2 a6 13.Bd3 b5 14.a3 Rhc8
15.Nb1 Nb3+  0-1

[Event "Santiago op"]
[Site "Santiago de Chile"]
[Date "1992.??.??"]
[Round "5"]
[White "Arancibia, Eduardo"]
[Black "Toro, Felipe"]
[Result "1-0"]
[WhiteElo "2345"]
[BlackElo "2285"]

1.e4 d6 2.d4 Nf6 3.Nc3 e5 4.Nf3 Nbd7 5.Bc4 Be7 6.O-O O-O 7.Re1 c6 8.a4 a5
9.h3 Qc7 10.Ba2 Nb6 11.Be3 exd4 12.Qxd4 Nbd7 13.Rad1 Nc5 14.Bf4 Rd8 15.Qxc5  1-0

[Event "EU-ch U20"]
[Site "Sas van Gent"]
[Date "1992.??.??"]
[Round "4"]
[White "Berndt, Stephan"]
[Black "Pedersen, Steffen"]
[Result "0-1"]
[WhiteElo "2300"]
[BlackElo "2360"]

1.e4 d6 2.d4 Nf6 3.Nc3 e5 4.Nf3 Nbd7 5.Bc4 Be7 6.O-O O-O 7.Re1 c6 8.a4 h6
9.h3 Re8 10.Bf1 Bf8 11.dxe5 dxe5 12.Be3 Qc7 13.Nd2 Nc5 14.a5 Be6 15.Qb1 b5
16.axb6 axb6 17.Rxa8 Rxa8 18.b4 Na4 19.Nxa4 Rxa4 20.c3 b5 21.Rc1 Qc8 22.Qd3 Ra3
23.Qe2 Ra2 24.Qe1 Qa6 25.Bd3 Nd7 26.Nf3 f6 27.Rc2 Ra1 28.Rc1 Ra3 29.Qe2 Nb6
30.Nd2 Na4 31.Nb1 Rb3 32.Bd2 Qc8 33.Bc2 Rb2 34.Be3 Qd7 35.Qd1 Qxd1+ 36.Bxd1 c5
37.Na3 Nxc3 38.Bxc5 Bxc5 39.bxc5 b4 40.c6 bxa3 41.Rxc3 a2  0-1

[Event "EU-ch U20"]
[Site "Sas van Gent"]
[Date "1992.??.??"]
[Round "9"]
[White "Aleksandrov, Aleksej"]
[Black "Reinderman, Dimitri"]
[Result "1-0"]
[WhiteElo "2505"]
[BlackElo "2410"]

1.d4 d6 2.e4 Nf6 3.Nc3 e5 4.Nf3 exd4 5.Nxd4 g6 6.g3 Bg7 7.Bg2 O-O 8.O-O Re8
9.Re1 Bg4 10.f3 Bd7 11.Be3 Nc6 12.Nde2 Qc8 13.Qd2 h5 14.Rad1 a6 15.Nf4 Ne7
16.h3 b5 17.Rc1 a5 18.Nd1 Nc6 19.Nf2 a4 20.c4 Ne5 21.cxb5 Bxb5 22.b3 axb3
23.axb3 Qb7 24.Ne2 Bxe2 25.Qxe2 Qxb3 26.f4 Ned7 27.Rxc7 Ra3 28.Qd2 Bf8 29.g4 hxg4
30.hxg4 Nb8 31.Rc2 Nfd7 32.Bd4 Qg3 33.Rc3 Rxc3 34.Bxc3 f6 35.Bb2 Qh4 36.Re3 Qh7
37.Rh3 Qe7 38.g5 Bg7 39.e5 fxe5 40.Bd5+ Kf8 41.fxe5 Nxe5 42.Qf4+ Nf7 43.Bxf7 Bxb2
44.Bd5+ Kg7 45.Rh7+ Kxh7 46.Qh4+ Kg7 47.Qh6+  1-0

[Event "Sevilla Expo92"]
[Site "Sevilla"]
[Date "1992.??.??"]
[Round "2"]
[White "Sisniega, Marcel"]
[Black "Rivas Pastor, Manuel"]
[Result "1-0"]
[WhiteElo "2525"]
[BlackElo "2520"]

1.e4 d6 2.d4 Nf6 3.Nc3 c6 4.f4 Qa5 5.Bd3 e5 6.Nf3 Bg4 7.Be3 exf4 8.Bxf4 Qb6
9.Ne2 Nh5 10.Bc1 Bxf3 11.gxf3 g6 12.c3 Nd7 13.Ng3 Ndf6 14.Qe2 Bg7 15.Be3 O-O
16.O-O-O Rfe8 17.Kb1 a5 18.Qd2 Qc7 19.Bh6 b5 20.Bxg7 Nxg7 21.f4 b4 22.c4 Rad8
23.Rhf1 Qe7 24.f5 c5 25.Qg5 Ngh5 26.Nxh5 Nxh5 27.f6 Qe6 28.Rf5 cxd4 29.Rdf1 Kh8
30.e5 Rg8 31.Qh6 gxf5 32.Bxf5 Qxf5+ 33.Rxf5 d3 34.Rf1 d2 35.e6 Rg6 36.e7  1-0

[Event "Sevilla op"]
[Site "Sevilla"]
[Date "1992.??.??"]
[Round "5"]
[White "Gulko, Boris F"]
[Black "Polihroniade, Elisabeta"]
[Result "1-0"]
[WhiteElo "2560"]
[BlackElo "2175"]

1.d4 d6 2.e4 Nf6 3.Nc3 e5 4.Nf3 Bg4 5.dxe5 Bxf3 6.gxf3 dxe5 7.Qxd8+ Kxd8
8.f4 Bd6 9.fxe5 Bxe5 10.Bd2 c6 11.Bg2 Kc7 12.f4 Bd4 13.O-O-O Nbd7 14.Bf3 h5
15.h3 h4 16.e5 Nh5 17.Ne4 Ng3 18.Rhe1 Nxe4 19.Rxe4 Bf2 20.Bb4 c5 21.Bc3 Rae8
22.f5 Bg3 23.e6 fxe6 24.fxe6 Nf6 25.Bxf6 gxf6 26.Rd7+ Kc8 27.Rf7 Be5 28.Ra4 Rhg8
29.Bxb7+ Kb8 30.Bd5 Rg1+ 31.Kd2 Rd8 32.c4 Rg2+ 33.Kd3 Rg3+ 34.Ke4 Bc7 35.e7  1-0

[Event "Sevilla Expo92"]
[Site "Sevilla"]
[Date "1992.??.??"]
[Round "5"]
[White "Milos, Gilberto"]
[Black "Franco Ocampo, Zenon"]
[Result "1/2-1/2"]
[WhiteElo "2515"]
[BlackElo "2520"]

1.e4 d6 2.d4 Nf6 3.Nc3 e5 4.Nf3 Nbd7 5.Bc4 Be7 6.O-O O-O 7.a4 c6 8.Qe2 b6
9.Rd1 Qc7 10.d5 c5 11.Bd2 a6 12.Rf1 Nh5 13.Ne1 g6 14.Nd3 Bf6 15.Kh1 Bg7 16.g3 Bb7
17.Rae1 Kh8 18.b3 Rae8 19.f3 Qc8 20.Nf2 f5  1/2-1/2

[Event "Candidats (Women) Tournament"]
[Site "Shanghai"]
[Date "1992.??.??"]
[Round "11"]
[White "Peng, Zhaoqin"]
[Black "Wang Pin"]
[Result "1/2-1/2"]
[WhiteElo "2370"]
[BlackElo "2345"]

1.d4 d6 2.e4 Nf6 3.Nc3 c6 4.f4 Qa5 5.Bd3 e5 6.Nf3 Bg4 7.dxe5 dxe5 8.O-O Nbd7
9.f5 Nc5 10.h3 Bxf3 11.Qxf3 Nxd3 12.Qxd3 Nd7 13.Kh1 O-O-O 14.a3 f6 15.Be3 Nb6
16.Qe2 Na4 17.Nd1 Kb8 18.c4 Be7 19.b3 Nb6 20.Qc2 Bc5 21.Bc1 Bd4 22.Bd2 Qa6
23.Ra2 Nc8 24.Nc3 Rd7 25.Na4 Rhd8 26.Bb4 b6 27.Qe2 Ne7 28.Re1 c5 29.Bd2 Nc6
30.Rc1 Na5 31.Bxa5 Qxa5 32.Rd1 Qa6 33.Rad2 Qb7 34.Qf3 Qc6 35.Rc2 Ka8 36.Rcd2 Kb8
37.Rc2 Ka8 38.Rcd2 Kb8  1/2-1/2

[Event "Slupsk op"]
[Site "Slupsk"]
[Date "1992.??.??"]
[Round "?"]
[White "Kveinys, Aloyzas"]
[Black "Dawidow, Jacek"]
[Result "1-0"]
[WhiteElo "2545"]
[BlackElo "2375"]

1.e4 d6 2.d4 Nf6 3.Nc3 c6 4.a4 Qa5 5.Bd2 e5 6.d5 Qc7 7.Bc4 cxd5 8.Bxd5 Nxd5
9.Nxd5 Qc6 10.Ne2 Be6 11.c4 Na6 12.b3 Be7 13.O-O Bd8 14.Be3 O-O 15.Nec3 h6
16.Nb5 Nc5 17.Nxd6 Bxd5 18.Qxd5 Nxb3 19.Rab1 Na5 20.Bd2 Bc7 21.Nxb7 Qxd5
22.cxd5 Nc4 23.Bc3 f5 24.Rb4 Rab8 25.a5 Nd6 26.Bxe5 fxe4 27.Rc1 Rxb7 28.Rxb7 Nxb7
29.Rxc7  1-0

[Event "BUL-ch sf"]
[Site "Sofia"]
[Date "1992.??.??"]
[Round "5"]
[White "Marholev, Dimitar"]
[Black "Zahariev, Zahari"]
[Result "0-1"]
[WhiteElo "2270"]
[BlackElo "2365"]

1.e4 d6 2.d4 Nf6 3.Nc3 c6 4.f4 Qa5 5.Bd3 e5 6.Nf3 Bg4 7.dxe5 dxe5 8.f5 Nbd7
9.h3 Bxf3 10.Qxf3 Nc5 11.Bd2 Nxd3+ 12.cxd3 Qb6 13.O-O-O O-O-O 14.Kb1 Qa6
15.Be1 Nd7 16.d4 exd4 17.Rxd4 Bc5 18.Ra4 Ne5 19.Rxa6 Nxf3 20.Ra5 Nxe1 21.Rxc5 Nd3
22.Ra5 a6 23.Rd1 Rhe8 24.Kc2 Nb4+ 25.Kc1 Rxd1+ 26.Kxd1 b5 27.a4 Kb7 28.axb5 axb5
29.Ke2 Kb6 30.Ra1 Nd5 31.Kf3 Nf6 32.Re1 Nd7 33.Kf4 f6 34.g4 h6 35.h4 Nc5
36.Re3 Nd7 37.Ne2 Ne5 38.b3 c5 39.Nc3 c4 40.Nd5+ Kc6 41.g5 hxg5+ 42.hxg5 Nd3+
43.Kg4 Rxe4+ 44.Rxe4 Kxd5 45.Re2 cxb3 46.Rd2 Kc4 47.Kh5 b2 48.Rd1 Nc1  0-1